000766929 001__ 766929 000766929 005__ 20251113142217.0 000766929 0247_ $$2arXiv$$aarXiv:1305.6484 000766929 0247_ $$2DOI$$a10.48550/ARXIV.1305.6484 000766929 037__ $$aRWTH-2019-08441 000766929 041__ $$aEnglish 000766929 1001_ $$0P:(DE-82)IDM04134$$aVolmer, Frank$$b0$$urwth 000766929 245__ $$aRole of MgO barriers for spin and charge transport in Co/MgO/graphene nonlocal spin-valve devices$$honline 000766929 260__ $$c2013 000766929 3367_ $$028$$2EndNote$$aElectronic Article 000766929 3367_ $$0PUB:(DE-HGF)25$$2PUB:(DE-HGF)$$aPreprint$$bpreprint$$mpreprint 000766929 3367_ $$2BibTeX$$aARTICLE 000766929 3367_ $$2DRIVER$$apreprint 000766929 3367_ $$2DataCite$$aOutput Types/Working Paper 000766929 3367_ $$2ORCID$$aWORKING_PAPER 000766929 591__ $$aGermany 000766929 7001_ $$0P:(DE-82)029710$$aDrögeler, Marc$$b1$$urwth 000766929 7001_ $$0P:(DE-82)024045$$aMaynicke, Eva$$b2$$urwth 000766929 7001_ $$0P:(DE-82)029711$$avon den Driesch, N.$$b3$$urwth 000766929 7001_ $$0P:(DE-82)029712$$aBoschen, M. L.$$b4$$urwth 000766929 7001_ $$0P:(DE-82)IDM00998$$aGüntherodt, Gernot$$b5$$urwth 000766929 7001_ $$0P:(DE-82)IDM00790$$aBeschoten, Bernd$$b6$$eCorresponding author$$urwth 000766929 909CO $$ooai:publications.rwth-aachen.de:766929$$pVDB 000766929 9101_ $$0I:(DE-588b)36225-6$$6P:(DE-82)IDM04134$$aRWTH Aachen$$b0$$kRWTH 000766929 9101_ $$0I:(DE-588b)36225-6$$6P:(DE-82)029710$$aRWTH Aachen$$b1$$kRWTH 000766929 9101_ $$0I:(DE-588b)36225-6$$6P:(DE-82)024045$$aRWTH Aachen$$b2$$kRWTH 000766929 9101_ $$0I:(DE-588b)36225-6$$6P:(DE-82)029711$$aRWTH Aachen$$b3$$kRWTH 000766929 9101_ $$0I:(DE-588b)36225-6$$6P:(DE-82)029712$$aRWTH Aachen$$b4$$kRWTH 000766929 9101_ $$0I:(DE-588b)36225-6$$6P:(DE-82)IDM00998$$aRWTH Aachen$$b5$$kRWTH 000766929 9101_ $$0I:(DE-588b)36225-6$$6P:(DE-82)IDM00790$$aRWTH Aachen$$b6$$kRWTH 000766929 9141_ $$y2013 000766929 9201_ $$0I:(DE-82)130000_20140620$$k130000$$lFachgruppe Physik$$x0 000766929 9201_ $$0I:(DE-82)080009_20140620$$k080009$$lJARA-FIT$$x1 000766929 9201_ $$0I:(DE-82)132110_20140620$$k132110$$lLehrstuhl für Experimentalphysik (Festkörperphysik) und II. Physikalisches Institut$$x2 000766929 961__ $$c2019-09-18T08:12:05.885400$$x2019-09-18T08:12:05.885400$$z2019-09-18T08:12:05.885400 000766929 980__ $$aI:(DE-82)080009_20140620 000766929 980__ $$aI:(DE-82)130000_20140620 000766929 980__ $$aI:(DE-82)132110_20140620 000766929 980__ $$aUNRESTRICTED 000766929 980__ $$aVDB 000766929 980__ $$apreprint